| 000 | 00338nam a22001217a 4500 | ||
|---|---|---|---|
| 020 | _a0-471-04780-5 | ||
| 082 | _a004.16 WIS'M | ||
| 100 |
_aCHEN, KHAN,YOKELY, R.E,WISE, K.P _974975 |
||
| 245 | _aMICRO COMPUTERS A TECHNOLOGY FORCAST AND ASSESMENT TO THE YEAR 2000 | ||
| 260 |
_aNEWYORK _bJOHN WILEY _c1980 |
||
| 300 | _a251P | ||
| 942 | _cBK | ||
| 999 |
_c580477 _d580477 |
||